Mil obras maestras del arte universal : (Record no. 37088)
[ view plain ]
| 000 -CABECERA | |
|---|---|
| campo de control de longitud fija | 00756nam a2200181 u 4500 |
| 001 - NÚMERO DE CONTROL | |
| campo de control | 000037598 |
| 005 - FECHA Y HORA DE LA ÚLTIMA TRANSACCIÓN | |
| campo de control | 20200930080447.0 |
| 008 - DATOS DE LONGITUD FIJA--INFORMACIÓN GENERAL | |
| campo de control de longitud fija | 120919s19uu es r 000 0 spa d |
| 040 ## - FUENTE DE LA CATALOGACIÓN | |
| Centro catalogador/agencia de origen | DO-SdBNP |
| Lengua de catalogación | spa |
| Centro/agencia transcriptor | BNPHU |
| 245 00 - MENCIÓN DE TÍTULO | |
| Título | Mil obras maestras del arte universal : |
| Resto del título | maravillas eternas ; creaciones geniales / |
| Mención de responsabilidad, etc. | Descripciones y comentarios originales de Alejandro Cirici Pellicer. |
| 260 ## - PUBLICACIÓN, DISTRIBUCIÓN, ETC. | |
| Lugar de publicación, distribución, etc. | Barcelona : |
| Nombre del editor, distribuidor, etc. | Instituto Gallach de Libreria y Ediciones, |
| Fecha de publicación, distribución, etc. | [194?]. |
| 300 ## - DESCRIPCIÓN FÍSICA | |
| Extensión | V. : |
| Otras características físicas | il. ; |
| Dimensiones | 30 cm. |
| 500 ## - NOTA GENERAL | |
| Nota general | Textos en dos columnas |
| 500 ## - NOTA GENERAL | |
| Nota general | La biblioteca posee el v. 1 |
| 505 0# - NOTA DE CONTENIDO CON FORMATO | |
| Información miscelánea | v.1 |
| Título | De los orígenes al Románticismo. -- |
| 700 1# - PUNTO DE ACCESO ADICIONAL--NOMBRE DE PERSONA | |
| Nombre de persona | Cirici, Alexandre, |
| Fechas asociadas al nombre | 1914-1982. |
| 9 (RLIN) | 64072 |
| 710 2# - PUNTO DE ACCESO ADICIONAL--NOMBRE DE ENTIDAD CORPORATIVA | |
| Nombre de entidad corporativa o nombre de jurisdicción como elemento de entrada | Barcelona. |
| Unidad subordinada | Instituto Gallach de libreria y ediciones |
| 9 (RLIN) | 64073 |
No items available.
